000 01046nam a22003497a 4500
001 BR7504318
003 BR-BrBNA
005 20230928084837.0
007 ta
008 230509b bl.||||| |||| 00| 0 por d
040 _aBR-BrBNA
_bpor
_cBiblioteca Nacional de Agricultura
041 _a(Por)
072 _aF25; E15
_b0230
_b3820
_b3830
_b3810
090 _ 0230 BR7504318
100 1 _aMoreno, F.
110 1 _aUniversidade Federal de Vicosa, MG (Brasil)
_0Tese (Magister Scientiae)
245 1 _aAvaliacao de riscos na fertilizacao da cana-soca [Saccharum officinarum; NPK; Economia da producao]
260 3 _aVicosa, MG (Brasil):
_c1974.
300 _a84 p.
500 _a20 ref.; Summary (Por)
650 _aFertilidade do solo
650 _aCana de acucar
650 _aFertilizante nitrogenado
650 _aFertilizante potassico
650 _aFertilizante fosfatado
650 _aSoca
650 _aNPK
650 _aEconomia da producao
650 _aCusto
909 _a202309
_bLucia
_c55
_dLucia Elande
942 _cBK
999 _c21416
_d21416